[Event "129th YMCA Autumn 2013-C"]
[Site "Warszawa"]
[Date "2013.10.01"]
[Round "1"]
[White "Chylewski, Patryk"]
[Black "Krzyzanowski, Antoni"]
[Result "1-0"]
[WhiteElo "1704"]
[BlackElo "1758"]
[PlyCount "89"]
[EventDate "2013.09.16"]
[EventType "tourn"]
[EventRounds "1"]
[EventCountry "POL"]
[SourceDate "2013.09.16"]

1. Nf3 f5 2. c4 d6 3. d4 Nf6 4. g3 c6 5. Bg2 Qc7 6. b3 e5 7. dxe5 dxe5 8. Bb2
Bb4+ 9. Nc3 Ne4 10. Qc2 Qa5 11. Rc1 Qxa2 12. Nxe5 Nxc3 13. Bxc3 Qxc2 14. Rxc2
a5 15. O-O Bxc3 16. Rxc3 O-O 17. Rd1 Na6 18. e4 Nc5 19. exf5 Bxf5 20. f4 Rfd8
21. Re1 Rd2 22. g4 Bc2 23. Nf3 Rxg2+ 24. Kxg2 Bxb3 25. Re5 a4 26. Rxc5 a3 27.
Nd2 Bd1 28. Rc1 Bxg4 29. Nb3 b5 30. cxb5 Be6 31. Nd4 Bd5+ 32. Kg1 a2 33. Ra1
Rb8 34. Nxc6 Bxc6 35. Rxc6 Rxb5 36. Rxa2 h6 37. Ra7 Rb4 38. Rc8+ Kh7 39. Rcc7
Rxf4 40. Rxg7+ Kh8 41. Rgb7 Rg4+ 42. Kf2 Rg6 43. Ra8+ Rg8 44. Rxg8+ Kxg8 45.
Kf3 1-0

[Event "129th YMCA Autumn 2013-C"]
[Site "Warszawa"]
[Date "2013.09.18"]
[Round "1"]
[White "Jarmolowski, Tadeusz"]
[Black "Wilczynski, Adam"]
[Result "1/2-1/2"]
[WhiteElo "1695"]
[BlackElo "1696"]
[Annotator "Admin"]
[PlyCount "57"]
[EventDate "2013.09.16"]
[EventType "tourn"]
[EventRounds "1"]
[EventCountry "POL"]
[SourceDate "2013.09.16"]

1. e4 c5 2. c3 Nf6 3. e5 Nd5 4. d4 cxd4 5. Qxd4 e6 6. Nf3 Nc6 7. Qe4 d6 8. Nbd2
Be7 9. Nc4 dxe5 10. Ncxe5 Nxe5 11. Nxe5 O-O 12. Bd3 f5 13. Qe2 Bd6 14. O-O Qc7
15. Re1 a6 16. a4 b6 17. g3 Bxe5 18. Qxe5 Qxe5 19. Rxe5 Bd7 20. Bd2 b5 21. axb5
axb5 22. Ree1 Kf7 23. f4 Bc6 24. Kf2 Nf6 25. h3 Rfd8 26. Ke2 Ne4 27. Bxe4 Bxe4
28. Be3 Bd5 29. Bd4 $11 1/2-1/2

[Event "129th YMCA Autumn 2013-C"]
[Site "Warszawa"]
[Date "2013.09.18"]
[Round "1"]
[White "Kacprzak, Karol"]
[Black "Wyszomirski, Krzysztof"]
[Result "0-1"]
[WhiteElo "1785"]
[BlackElo "1755"]
[PlyCount "77"]
[EventDate "2013.09.16"]
[EventType "tourn"]
[EventRounds "1"]
[EventCountry "POL"]
[SourceDate "2013.09.16"]

1. c4 c5 2. Nc3 Nf6 3. g3 e6 4. Bg2 d5 5. cxd5 exd5 6. d3 d4 7. Ne4 Nxe4 8.
Bxe4 Bd6 9. Qb3 Qc7 10. Nf3 Nc6 11. O-O Be6 12. Bd5 Bxd5 13. Qxd5 Ne7 14. Qc4
O-O 15. Ng5 Ng6 16. e4 Ne5 17. Qb3 h6 18. Nh3 Qd7 19. Kg2 b5 20. Nf4 c4 21. Qd1
Nc6 22. Qh5 Bxf4 23. Bxf4 Nb4 24. a4 Nxd3 25. axb5 Nxf4+ 26. gxf4 Rab8 27. Rfc1
Rfc8 28. Ra4 Rxb5 29. Rxa7 Qe8 30. e5 Rxb2 31. Re1 Qc6+ 32. Kg3 Rb7 33. Rxb7
Qxb7 34. f5 d3 35. e6 d2 36. Re3 Qd5 37. Qxf7+ Kh8 38. f6 Qg5+ 39. Kh3 0-1

[Event "129th YMCA Autumn 2013-C"]
[Site "Warszawa"]
[Date "2013.09.23"]
[Round "1"]
[White "Pajak, Jakub"]
[Black "Kaminski, Jan"]
[Result "1-0"]
[WhiteElo "1722"]
[BlackElo "1753"]
[PlyCount "71"]
[EventDate "2013.09.16"]
[EventType "tourn"]
[EventRounds "1"]
[EventCountry "POL"]
[SourceDate "2013.09.16"]

1. c4 Nf6 2. Nf3 c6 3. Nc3 d5 4. e3 e6 5. d4 Nbd7 6. b3 Be7 7. Bd3 O-O 8. O-O
b6 9. Qc2 h6 10. h3 Bb7 11. Bb2 Rc8 12. Rfc1 c5 13. cxd5 Nxd5 14. Nxd5 exd5 15.
Qe2 Rc7 16. Rc2 Bf6 17. Rac1 Re8 18. Ba3 Rc8 19. dxc5 bxc5 20. Bxc5 Nxc5 21.
Rxc5 Rxc5 22. Rxc5 d4 23. e4 Qe7 24. Rc4 Qd6 25. Nd2 Be5 26. Ra4 Qc5 27. Nc4
Bb8 28. Qc2 Qg5 29. Ra5 Qh4 30. Nd2 Rc8 31. Rc5 Rxc5 32. Qxc5 Qf4 33. Qxd4 Qxd2
34. Qd8+ Kh7 35. e5+ Qxd3 36. Qxd3+ 1-0

[Event "129th YMCA Autumn 2013-C"]
[Site "Warszawa"]
[Date "2013.09.18"]
[Round "1"]
[White "Bitowt, Jacek"]
[Black "Szukalski, Antoni"]
[Result "1-0"]
[WhiteElo "1750"]
[BlackElo "1796"]
[PlyCount "119"]
[EventDate "2013.09.16"]
[EventType "tourn"]
[EventRounds "1"]
[EventCountry "POL"]
[SourceDate "2013.09.16"]

1. e4 c6 2. d4 d5 3. exd5 cxd5 4. c4 Nf6 5. Nc3 e6 6. Bg5 Be7 7. Nf3 Nc6 8. a3
O-O 9. c5 b6 10. Bb5 Bb7 11. Qa4 Qc7 12. b4 h6 13. Bh4 a6 14. Bxc6 Bxc6 15. Qc2
bxc5 16. bxc5 Nh5 17. Bxe7 Qxe7 18. O-O Rfb8 19. Rfb1 Qc7 20. Ne5 Be8 21. Rxb8
Rxb8 22. Rb1 Nf6 23. h3 Nd7 24. Rxb8 Nxb8 25. Qb3 f6 26. Nd3 Bc6 27. Qb6 Qxb6
28. cxb6 Kf8 29. f4 Ke7 30. Nc5 Kd6 31. Kf2 e5 32. Ke3 exf4+ 33. Kxf4 g6 34. a4
Nd7 35. Nxd7 Kxd7 36. a5 Kd6 37. h4 h5 38. g3 Kd7 39. Ke3 Kd6 40. Ne2 g5 41.
Kf3 Bd7 42. Ke3 Bc6 43. Kd2 Bb7 44. Kc3 Bc6 45. Ng1 Bd7 46. hxg5 fxg5 47. Nf3
g4 48. Nh4 Kc6 49. Kb4 Bc8 50. Ng6 Kd6 51. Nf4 h4 52. gxh4 g3 53. h5 Bf5 54. h6
Be4 55. Kc3 Kc6 56. Kd2 Kd6 57. Ke1 Kc6 58. Kf1 Kd6 59. Kg1 Kc6 60. Ne2 1-0

[Event "129th YMCA Autumn 2013-C"]
[Site "Warszawa"]
[Date "2013.09.18"]
[Round "1"]
[White "Maj, Pawel"]
[Black "Rodak, Przemyslaw"]
[Result "1-0"]
[WhiteElo "1732"]
[BlackElo "1661"]
[PlyCount "55"]
[EventDate "2013.09.16"]
[EventType "tourn"]
[EventRounds "1"]
[EventCountry "POL"]
[SourceDate "2013.09.16"]

1. e4 e6 2. d4 d5 3. Nc3 Nf6 4. Bg5 dxe4 5. Nxe4 Be7 6. Bxf6 Bxf6 7. Nf3 Nc6 8.
c3 O-O 9. Bd3 h6 10. Qd2 b6 11. O-O-O Bb7 12. Qf4 Be7 13. Rhe1 a5 14. Kb1 Ba6
15. Bc2 Bb7 16. Ne5 Na7 17. Qe3 Nc8 18. g4 Bf6 19. Nxf6+ Qxf6 20. Nd7 Qh4 21.
Nxf8 Kxf8 22. d5 Qxg4 23. dxe6 fxe6 24. Rd4 Qg5 25. Rf4+ Ke8 26. Qxe6+ Ne7 27.
Bg6+ Kd8 28. Rf8# 1-0

[Event "129th YMCA Autumn 2013-C"]
[Site "Warszawa"]
[Date "2013.09.18"]
[Round "1"]
[White "Major, Boguslaw"]
[Black "Dominiczak, Adrian"]
[Result "1-0"]
[WhiteElo "1781"]
[BlackElo "1762"]
[PlyCount "73"]
[EventDate "2013.09.16"]
[EventType "tourn"]
[EventRounds "1"]
[EventCountry "POL"]
[SourceDate "2013.09.16"]

1. d4 d5 2. c4 c6 3. Nf3 Nf6 4. Nc3 e6 5. cxd5 exd5 6. Bg5 Be7 7. e3 Bf5 8. Qb3
Qb6 9. Nd2 Nbd7 10. Rc1 O-O 11. Be2 h6 12. Bh4 Bd6 13. O-O Rae8 14. Bf3 Bg4 15.
Qc2 a6 16. Bg3 Bxg3 17. hxg3 Bxf3 18. gxf3 Nh7 19. Kg2 f5 20. Rh1 Ng5 21. Rh4
Qd8 22. Rf4 Qf6 23. g4 Qg6 24. Rxf5 Qe6 25. Rh1 Nf6 26. Re5 Qf7 27. Rxe8 Nxe8
28. f4 Ne6 29. Ne2 Nf6 30. f3 c5 31. dxc5 d4 32. f5 Ng5 33. e4 Nxf3 34. Kxf3 h5
35. g5 Ng4 36. Qb3 Ne5+ 37. Kg2 1-0

[Event "129th YMCA Autumn 2013-C"]
[Site "Warszawa"]
[Date "2013.10.11"]
[Round "2"]
[White "Krzyzanowski, Antoni"]
[Black "Dominiczak, Adrian"]
[Result "1-0"]
[WhiteElo "1758"]
[BlackElo "1762"]
[PlyCount "31"]
[EventDate "2013.09.16"]
[EventType "tourn"]
[EventRounds "1"]
[EventCountry "POL"]
[SourceDate "2013.09.16"]

1. e4 d6 2. d4 Nf6 3. Nc3 g6 4. Bg5 Bg7 5. f4 c5 6. d5 Qa5 7. Qd2 Qb4 8. Bd3
Nxe4 9. Nxe4 Qxb2 10. Rd1 f5 11. Nxd6+ Kd7 12. Qe3 Bc3+ 13. Kf1 Kxd6 14. Qxe7+
Kxd5 15. Bb5+ Bd4 16. Qe5# 1-0

[Event "129th YMCA Autumn 2013-C"]
[Site "Warszawa"]
[Date "2013.09.25"]
[Round "2"]
[White "Rodak, Przemyslaw"]
[Black "Major, Boguslaw"]
[Result "0-1"]
[WhiteElo "1661"]
[BlackElo "1781"]
[PlyCount "114"]
[EventDate "2013.09.16"]
[EventType "tourn"]
[EventRounds "1"]
[EventCountry "POL"]
[SourceDate "2013.09.16"]

1. d4 Nf6 2. c4 g6 3. Nc3 Bg7 4. e4 d6 5. Be2 O-O 6. Bg5 c5 7. d5 Qa5 8. Bd2
Na6 9. h3 Bd7 10. Nf3 Qb6 11. O-O Rab8 12. Rb1 e6 13. Be3 exd5 14. exd5 Rfe8
15. a3 Nh5 16. Nh2 Ng3 17. Re1 Nxe2+ 18. Rxe2 Bf5 19. Rc1 Re7 20. Bg5 Rxe2 21.
Qxe2 Nc7 22. g4 Re8 23. Qd2 Bd7 24. Bf4 Qa6 25. Qd3 b5 26. cxb5 Bxb5 27. Nxb5
Qxb5 28. Qxb5 Nxb5 29. Nf3 Re4 30. Be3 Nc7 31. Nd2 Re8 32. Nc4 Nxd5 33. Nxd6
Re6 34. Bxc5 Nf4 35. Rc2 Nxh3+ 36. Kf1 Bf8 37. Rd2 Ng5 38. b4 Nf3 39. Rd1 Ne5
40. Rd4 Nxg4 41. Rxg4 Bxd6 42. Bxa7 h5 43. Rc4 Re7 44. Bd4 Re8 45. a4 h4 46.
Kg2 g5 47. Bf6 Bf4 48. b5 Kh7 49. a5 Kg6 50. Bd4 g4 51. a6 h3+ 52. Kf1 h2 53.
Rc6+ Kf5 54. Rc5+ Ke4 55. Rh5 Kxd4 56. b6 Ra8 57. b7 Ra7 0-1

[Event "129th YMCA Autumn 2013-C"]
[Site "Warszawa"]
[Date "2013.09.25"]
[Round "2"]
[White "Szukalski, Antoni"]
[Black "Maj, Pawel"]
[Result "1/2-1/2"]
[WhiteElo "1796"]
[BlackElo "1732"]
[PlyCount "80"]
[EventDate "2013.09.16"]
[EventType "tourn"]
[EventRounds "1"]
[EventCountry "POL"]
[SourceDate "2013.09.16"]

1. d4 Nf6 2. c4 g6 3. Nc3 d5 4. Bf4 Bg7 5. Nf3 O-O 6. e3 c6 7. Bd3 Re8 8. O-O
Bg4 9. h3 Bxf3 10. Qxf3 dxc4 11. Bxc4 e6 12. Bg5 Nbd7 13. Ne4 h6 14. Bh4 g5 15.
Bg3 Nxe4 16. Qxe4 e5 17. Qf5 Qe7 18. dxe5 Nxe5 19. Be2 Ng6 20. Rad1 Rad8 21.
Qc2 Be5 22. Bd3 Bxg3 23. Bxg6 Bxf2+ 24. Kh1 Rxd1 25. Rxd1 Qf6 26. Bh7+ Kh8 27.
Rf1 Qg7 28. Rxf2 Qxh7 29. Qxh7+ Kxh7 30. Rxf7+ Kg6 31. Rxb7 Rxe3 32. Rxa7 Re2
33. Ra6 Rxb2 34. Rxc6+ Kf5 35. a4 Ra2 36. Rc4 h5 37. h4 gxh4 38. Rxh4 Kg5 39.
Rb4 h4 40. Kh2 Kh5 1/2-1/2

[Event "129th YMCA Autumn 2013-C"]
[Site "Warszawa"]
[Date "2013.09.25"]
[Round "2"]
[White "Kaminski, Jan"]
[Black "Bitowt, Jacek"]
[Result "1-0"]
[WhiteElo "1753"]
[BlackElo "1750"]
[PlyCount "89"]
[EventDate "2013.09.16"]
[EventType "tourn"]
[EventRounds "1"]
[EventCountry "POL"]
[SourceDate "2013.09.16"]

1. e4 e5 2. Nf3 Nc6 3. Bc4 Nf6 4. Ng5 d5 5. exd5 Na5 6. d3 h6 7. Nf3 e4 8. Qe2
Nxc4 9. dxc4 Bc5 10. Nfd2 O-O 11. O-O Bg4 12. Qe1 Re8 13. Nb3 Bd6 14. Be3 Nh5
15. h3 Qh4 16. f4 Ng3 17. hxg4 Qh1+ 18. Kf2 Nxf1 19. Qxf1 Qh4+ 20. g3 Qxg4 21.
N1d2 g5 22. Qg2 f5 23. c5 Bf8 24. Rh1 Bg7 25. Qh3 gxf4 26. gxf4 Qxh3 27. Rxh3
Bxb2 28. Rxh6 Kg7 29. Rh5 Rh8 30. Rg5+ Kf6 31. Rg2 Rh3 32. c4 a6 33. Nd4 Rah8
34. Ne6 c6 35. Ng5 Rh2 36. d6 Rxg2+ 37. Kxg2 Kg6 38. Nb3 Bc3 39. Nd4 Re8 40. d7
Rb8 41. Nge6 Ba5 42. Bf2 Bd8 43. Nxd8 Rxd8 44. Ne6 Rxd7 45. Nf8+ 1-0

[Event "129th YMCA Autumn 2013-C"]
[Site "Warszawa"]
[Date "2013.09.27"]
[Round "2"]
[White "Wyszomirski, Krzysztof"]
[Black "Pajak, Jakub"]
[Result "1/2-1/2"]
[WhiteElo "1755"]
[BlackElo "1722"]
[Annotator "Admin"]
[PlyCount "45"]
[EventDate "2013.09.16"]
[EventType "tourn"]
[EventRounds "1"]
[EventCountry "POL"]
[SourceDate "2013.09.16"]

1. e4 c5 2. Nf3 Nc6 3. d4 cxd4 4. Nxd4 g6 5. Nc3 Bg7 6. Be3 Nf6 7. f3 O-O 8.
Qd2 d5 9. exd5 Nxd5 10. Nxc6 Bxc3 $11 11. Qxc3 bxc6 12. Qd2 Nxe3 13. Qxe3 Qa5+
14. c3 Rb8 15. b4 Qa3 16. Qd2 a5 17. bxa5 Qxa5 18. Be2 Rd8 19. Qe3 Rb2 20. O-O
Rxa2 21. Rxa2 Qxa2 22. Qxe7 Rf8 23. Qe4 $11 1/2-1/2

[Event "129th YMCA Autumn 2013-C"]
[Site "Warszawa"]
[Date "2013.09.25"]
[Round "2"]
[White "Wilczynski, Adam"]
[Black "Kacprzak, Karol"]
[Result "1/2-1/2"]
[WhiteElo "1696"]
[BlackElo "1785"]
[Annotator "Admin"]
[PlyCount "86"]
[EventDate "2013.09.16"]
[EventType "tourn"]
[EventRounds "1"]
[EventCountry "POL"]
[SourceDate "2013.09.16"]

1. c4 e6 2. g3 d5 3. Bg2 Nf6 4. Nf3 Be7 5. O-O O-O 6. d4 dxc4 7. Ne5 Nbd7 8.
Nxc4 c6 9. Nc3 Nb6 10. Ne5 Nbd5 11. Nd3 b5 12. Bg5 Nxc3 13. bxc3 Bd7 14. Ne5
Nd5 15. Bxe7 Qxe7 16. Qb3 f6 17. Nd3 Nb6 18. Rad1 Kh8 19. Nc5 a5 20. a4 Nxa4
21. Nxa4 bxa4 22. Qxa4 Rfc8 23. Qc4 Ra7 24. Ra1 c5 25. d5 exd5 26. Bxd5 a4 27.
Rfb1 Qe5 28. Rb6 Qc7 29. Rab1 a3 30. Qa2 Bh3 31. c4 h5 32. Rb7 Rxb7 33. Rxb7
Qa5 34. Rb1 Rc7 35. Ra1 Ra7 36. Qb1 Qc3 37. Ra2 Ra4 38. Qb8+ Kh7 39. Qg8+ Kh6
40. Qh8+ Kg6 41. Qe8+ Kh6 42. Qh8+ Kg6 43. Qe8+ Kh6 $11 1/2-1/2

[Event "129th YMCA Autumn 2013-C"]
[Site "Warszawa"]
[Date "2013.09.23"]
[Round "2"]
[White "Chylewski, Patryk"]
[Black "Jarmolowski, Tadeusz"]
[Result "1-0"]
[WhiteElo "1704"]
[BlackElo "1695"]
[PlyCount "69"]
[EventDate "2013.09.16"]
[EventType "tourn"]
[EventRounds "1"]
[EventCountry "POL"]
[SourceDate "2013.09.16"]

1. e4 d5 2. exd5 Qxd5 3. Nc3 Qd6 4. d4 Nf6 5. Nf3 a6 6. g3 Bg4 7. Bg2 Nc6 8.
O-O O-O-O 9. d5 Nb4 10. h3 Bh5 11. Bf4 Qc5 12. Be3 Qd6 13. Qe2 e6 14. dxe6 Qxe6
15. Rad1 Bd6 16. a3 Nbd5 17. Nxd5 Nxd5 18. Rxd5 Qxd5 19. g4 Bg6 20. Nd4 Qa5 21.
Qc4 c6 22. b4 Qc7 23. a4 Rhe8 24. b5 axb5 25. axb5 Be4 26. bxc6 bxc6 27. Nxc6
Bxc6 28. Bxc6 Rd7 29. Ra1 Kd8 30. Ra7 Qxa7 31. Bxa7 Re1+ 32. Kg2 Rxa7 33. Qd4
Rd7 34. Bxd7 Kxd7 35. Qxg7 1-0

[Event "129th YMCA Autumn 2013-C"]
[Site "Warszawa"]
[Date "2013.10.08"]
[Round "3"]
[White "Jarmolowski, Tadeusz"]
[Black "Krzyzanowski, Antoni"]
[Result "0-1"]
[WhiteElo "1695"]
[BlackElo "1758"]
[PlyCount "52"]
[EventDate "2013.09.16"]
[EventType "tourn"]
[EventRounds "1"]
[EventCountry "POL"]
[SourceDate "2013.09.16"]

1. e4 e6 2. d4 d5 3. Nd2 Nc6 4. Ngf3 Nf6 5. e5 Nd7 6. c3 f6 7. exf6 Qxf6 8. Bd3
Bd6 9. Nb3 O-O 10. Bg5 Qf7 11. Bh4 e5 12. Bxh7+ Kh8 13. Ng5 Qe8 14. O-O e4 15.
Nc5 Nf6 16. Bxe4 dxe4 17. Re1 Bg4 18. f3 Qh5 19. fxg4 Qxh4 20. Nh3 Nxg4 21.
Nxe4 Bxh2+ 22. Kh1 Bg3 23. Re2 Rf4 24. Kg1 Raf8 25. Qc2 Bh2+ 26. Kh1 Rf1+ 0-1

[Event "129th YMCA Autumn 2013-C"]
[Site "Warszawa"]
[Date "2013.10.07"]
[Round "3"]
[White "Kacprzak, Karol"]
[Black "Chylewski, Patryk"]
[Result "0-1"]
[WhiteElo "1785"]
[BlackElo "1704"]
[PlyCount "78"]
[EventDate "2013.09.16"]
[EventType "tourn"]
[EventRounds "1"]
[EventCountry "POL"]
[SourceDate "2013.09.16"]

1. c4 e5 2. Nc3 Nc6 3. g3 f5 4. Bg2 Nf6 5. d3 g6 6. Bg5 Bg7 7. Nf3 d6 8. O-O
O-O 9. Qd2 Be6 10. Bh6 Qd7 11. Bxg7 Kxg7 12. Ng5 Bg8 13. f4 Rae8 14. fxe5 dxe5
15. Rad1 h6 16. Nh3 Rd8 17. Qe1 Be6 18. Nf2 f4 19. e3 fxg3 20. hxg3 Ne7 21.
Nce4 Nxe4 22. Nxe4 Rxf1+ 23. Qxf1 Rf8 24. Qe1 Bh3 25. Rd2 Bxg2 26. Kxg2 b6 27.
b4 g5 28. Qa1 Ng6 29. c5 Qg4 30. Rf2 Nh4+ 31. Kh2 Nf3+ 32. Kg2 h5 33. Qf1 h4
34. Qh1 h3+ 35. Qxh3 Ne1+ 36. Kh2 Rh8 37. Rf7+ Kxf7 38. Qxh8 Qe2+ 39. Kh3 g4+
0-1

[Event "129th YMCA Autumn 2013-C"]
[Site "Warszawa"]
[Date "2013.10.02"]
[Round "3"]
[White "Pajak, Jakub"]
[Black "Wilczynski, Adam"]
[Result "1-0"]
[WhiteElo "1722"]
[BlackElo "1696"]
[PlyCount "101"]
[EventDate "2013.09.16"]
[EventType "tourn"]
[EventRounds "1"]
[EventCountry "POL"]
[SourceDate "2013.09.16"]

1. e4 c5 2. Nf3 e6 3. d4 cxd4 4. Nxd4 a6 5. Nc3 Qc7 6. Bd3 Nf6 7. O-O Bc5 8.
Be3 O-O 9. a4 b6 10. Kh1 Bb7 11. f4 d5 12. e5 Ne4 13. Qf3 Nc6 14. Nxe4 dxe4 15.
Bxe4 Nxd4 16. Bxd4 Bxe4 17. Qxe4 Bxd4 18. Qxd4 Rfd8 19. Qe4 Rac8 20. Rad1 g6
21. c3 Qc5 22. g3 Kg7 23. Kg2 Qc7 24. g4 Rd7 25. Rxd7 Qxd7 26. f5 exf5 27. gxf5
gxf5 28. Qxf5 Qxf5 29. Rxf5 Rc6 30. Kf3 Rh6 31. Rg5+ Kf8 32. Kg3 Ke7 33. h4 Ke6
34. h5 f6 35. exf6 Rxf6 36. Rg7 Rf7 37. Rxf7 Kxf7 38. Kg4 Kf6 39. a5 b5 40. b3
h6 41. c4 bxc4 42. bxc4 Ke5 43. c5 Kd5 44. Kf5 Kxc5 45. Kg6 Kb5 46. Kxh6 Kxa5
47. Kg6 Kb4 48. h6 a5 49. h7 a4 50. h8=Q a3 51. Qa8 1-0

[Event "129th YMCA Autumn 2013-C"]
[Site "Warszawa"]
[Date "2013.10.02"]
[Round "3"]
[White "Maj, Pawel"]
[Black "Kaminski, Jan"]
[Result "1-0"]
[WhiteElo "1732"]
[BlackElo "1753"]
[PlyCount "85"]
[EventDate "2013.09.16"]
[EventType "tourn"]
[EventRounds "1"]
[EventCountry "POL"]
[SourceDate "2013.09.16"]

1. e4 c5 2. Nf3 d6 3. d4 cxd4 4. Nxd4 Nf6 5. Nc3 a6 6. Be3 e6 7. Bd3 Be7 8. f4
Nbd7 9. Nb3 Qc7 10. g4 Nc5 11. Nxc5 dxc5 12. g5 Nd7 13. Qf3 c4 14. Be2 b5 15.
Bd4 b4 16. Nd1 e5 17. Be3 Bb7 18. O-O Qc6 19. Nf2 exf4 20. Bxf4 O-O 21. b3 c3
22. Rae1 Kh8 23. Bc4 Nb6 24. Bd3 f6 25. g6 hxg6 26. Be3 Bc5 27. Nh3 Rae8 28.
Rf2 Bxe3 29. Rxe3 Bc8 30. Qg3 Bxh3 31. Qh4+ Kg8 32. Rxh3 Re5 33. Qh7+ Kf7 34.
Rg3 g5 35. Be2 Rxe4 36. Rxg5 Ke6 37. Rxg7 Re5 38. Re7+ Kd6 39. Rxe5 Kxe5 40.
Qe7+ Qe6 41. Qxf8 Nd5 42. Bf3 Nf4 43. Qc5+ 1-0

[Event "129th YMCA Autumn 2013-C"]
[Site "Warszawa"]
[Date "2013.10.03"]
[Round "3"]
[White "Major, Boguslaw"]
[Black "Szukalski, Antoni"]
[Result "0-1"]
[WhiteElo "1781"]
[BlackElo "1796"]
[PlyCount "118"]
[EventDate "2013.09.16"]
[EventType "tourn"]
[EventRounds "1"]
[EventCountry "POL"]
[SourceDate "2013.09.16"]

1. d4 Nf6 2. Nf3 e6 3. g3 d5 4. Bg2 c5 5. c4 Nc6 6. cxd5 exd5 7. O-O cxd4 8.
Nxd4 Bc5 9. Nb3 Be7 10. Nc3 Be6 11. Bg5 O-O 12. Nd4 h6 13. Be3 Qd7 14. Qd2 Bb4
15. Rfd1 Rfd8 16. a3 Ba5 17. b4 Bb6 18. Rac1 Rac8 19. Nxc6 bxc6 20. Na4 Qb7 21.
Nc5 Qe7 22. Bd4 Re8 23. Qb2 Bd8 24. Rc3 Nd7 25. Rdc1 Nxc5 26. Rxc5 Bd7 27. Bxg7
Qxe2 28. R5c2 Qh5 29. Bh8 Qg6 30. Be5 Bg5 31. f4 Bd8 32. Bd4 Bf5 33. Re2 Bb6
34. Rce1 Re6 35. Rxe6 Bxe6 36. Qf2 Qd3 37. Bxb6 axb6 38. Qxb6 Qxa3 39. Qb7 Qa8
40. Qe7 Qb8 41. Ra1 Qb6+ 42. Kh1 Qd4 43. Rf1 Bf5 44. h3 Be4 45. Bxe4 Qxe4+ 46.
Qxe4 dxe4 47. Re1 Re8 48. f5 Kg7 49. Kg2 Kf6 50. g4 Ke5 51. Kg3 Rd8 52. Rc1
Rd3+ 53. Kf2 Kf4 54. Rxc6 Rxh3 55. Rc4 Rh2+ 56. Kg1 Rb2 57. f6 Kg3 58. Kf1 e3
59. Rc3 Kf3 0-1

[Event "129th YMCA Autumn 2013-C"]
[Site "Warszawa"]
[Date "2013.10.02"]
[Round "3"]
[White "Dominiczak, Adrian"]
[Black "Rodak, Przemyslaw"]
[Result "1-0"]
[WhiteElo "1762"]
[BlackElo "1661"]
[PlyCount "61"]
[EventDate "2013.09.16"]
[EventType "tourn"]
[EventRounds "1"]
[EventCountry "POL"]
[SourceDate "2013.09.16"]

1. d4 d5 2. Nf3 Nf6 3. Bg5 e6 4. Nbd2 c5 5. e3 h6 6. Bh4 Be7 7. c3 O-O 8. Bd3
b6 9. Qe2 Bb7 10. Ne5 Nbd7 11. f4 Re8 12. O-O cxd4 13. exd4 Nf8 14. Rf2 N6d7
15. Bxe7 Qxe7 16. Ndf3 f6 17. Ng6 Qd6 18. Re1 f5 19. Nge5 Nf6 20. h3 Ne4 21.
Bxe4 dxe4 22. Nh4 Rac8 23. Kh2 Qd5 24. a3 Qd8 25. Qh5 Qf6 26. Rg1 Kh7 27. g4
fxg4 28. Nxg4 Qd8 29. Nxh6 Qc7 30. Nf7+ Kg8 31. Qh8+ 1-0

[Event "129th YMCA Autumn 2013-C"]
[Site "Warszawa"]
[Date "2013.10.24"]
[Round "4"]
[White "Krzyzanowski, Antoni"]
[Black "Rodak, Przemyslaw"]
[Result "1/2-1/2"]
[WhiteElo "1758"]
[BlackElo "1661"]
[PlyCount "168"]
[EventDate "2013.09.16"]
[EventType "tourn"]
[EventRounds "1"]
[EventCountry "POL"]
[SourceDate "2013.09.16"]

1. e4 Nf6 2. e5 Nd5 3. c4 Nb6 4. c5 Nd5 5. Bc4 e6 6. Nc3 Nxc3 7. dxc3 Bxc5 8.
Qg4 g6 9. Bg5 Be7 10. h4 h6 11. Bf4 b6 12. Nf3 Ba6 13. Bb3 Bd3 14. Nd4 Bf5 15.
Qf3 c6 16. g4 g5 17. hxg5 Bg6 18. Rxh6 Rg8 19. O-O-O Bxg5 20. Bxe6 Bxh6 21.
Bxh6 Qe7 22. Bf5 Qxe5 23. Bf4 Qc5 24. Qe3+ Kd8 25. b4 Qc4 26. Bd6 Bxf5 27. Nxf5
Qe6 28. Qf4 Na6 29. Rd2 Rh8 30. Be7+ Kc8 31. Nd6+ Kb8 32. Nxf7+ Kb7 33. Nd6+
Kb8 34. Nf7+ Kb7 35. Nxh8 Rxh8 36. Qf5 Rh1+ 37. Kb2 Qxf5 38. gxf5 Kc8 39. f6
Rh7 40. Rd3 Nc7 41. Rg3 Ne6 42. Rg8+ Kc7 43. f4 Rf7 44. f5 Nf4 45. Rg7 Nd3+ 46.
Kb1 Ne5 47. Kc2 d6 48. Kd2 b5 49. Ke3 a6 50. Ke4 Kd7 51. Rxf7 Nxf7 52. Kf4 d5
53. Kg4 Ke8 54. Kh5 Ne5 55. Kh6 Kf7 56. Kg5 Nd3 57. Bd6 Nc1 58. a3 Nd3 59. Bc7
Nf2 60. Be5 Ne4+ 61. Kg4 Nd2 62. Kf4 Nc4 63. Bd4 Nxa3 64. Ke3 Nc4+ 65. Kf3 Nd6
66. Kf4 Ne4 67. Ke3 Nd6 68. Kf4 Nc4 69. Kf3 a5 70. bxa5 Nxa5 71. Ke3 Nc4+ 72.
Kf3 Nd6 73. Kf4 Ne4 74. Ke3 Nd6 75. Kf4 Ne8 76. Ke5 Nxf6 77. Kd6 Ne4+ 78. Kxc6
Ng3 79. f6 Ke6 80. Kxb5 Ne4 81. Kc6 Ng5 82. Kc7 Nf7 83. Kc6 Nd8+ 84. Kc5 Nf7
1/2-1/2

[Event "129th YMCA Autumn 2013-C"]
[Site "Warszawa"]
[Date "2013.10.09"]
[Round "4"]
[White "Szukalski, Antoni"]
[Black "Dominiczak, Adrian"]
[Result "1-0"]
[WhiteElo "1796"]
[BlackElo "1762"]
[PlyCount "95"]
[EventDate "2013.09.16"]
[EventType "tourn"]
[EventRounds "1"]
[EventCountry "POL"]
[SourceDate "2013.09.16"]

1. d4 c6 2. e4 d5 3. Nc3 dxe4 4. Nxe4 Bf5 5. Ng3 Bg6 6. Nf3 e6 7. Bd3 Bxd3 8.
Qxd3 Nf6 9. O-O Nbd7 10. Re1 Be7 11. Qb3 Qb6 12. Qxb6 axb6 13. a3 b5 14. Bd2
Nb6 15. Rad1 O-O 16. Ne5 Rfd8 17. c3 h6 18. h3 Kf8 19. Be3 Bd6 20. f4 Nbd5 21.
Bc1 h5 22. Ne4 Nxe4 23. Rxe4 g6 24. Ree1 Kg7 25. g3 Bxe5 26. fxe5 Ne7 27. Bg5
Rd7 28. Kf2 Nd5 29. g4 Rh8 30. Kg3 Rc7 31. Rd2 Rcc8 32. Rf1 Ra8 33. Rdf2 Raf8
34. Rf3 Rh7 35. b3 hxg4 36. Kxg4 Kg8 37. c4 Nc7 38. Be7 Ra8 39. Bd6 Ne8 40.
cxb5 Nxd6 41. exd6 Rh5 42. bxc6 bxc6 43. Rxf7 Rd5 44. d7 Rxd4+ 45. R1f4 Rd3 46.
Rf3 Rd1 47. Re7 Rd4+ 48. Kg3 1-0

[Event "129th YMCA Autumn 2013-C"]
[Site "Warszawa"]
[Date "2013.10.09"]
[Round "4"]
[White "Kaminski, Jan"]
[Black "Major, Boguslaw"]
[Result "1/2-1/2"]
[WhiteElo "1753"]
[BlackElo "1781"]
[PlyCount "113"]
[EventDate "2013.09.16"]
[EventType "tourn"]
[EventRounds "1"]
[EventCountry "POL"]
[SourceDate "2013.09.16"]

1. e4 Nf6 2. Nc3 d5 3. exd5 Nxd5 4. Bc4 Nb6 5. Bb3 Nc6 6. Nf3 h5 7. Ng5 e6 8.
d3 Be7 9. h4 Nd4 10. Nce4 Nxb3 11. axb3 Qd5 12. O-O f6 13. Nc3 Qf5 14. Nge4 Bd7
15. f3 Bc6 16. Be3 a6 17. Bxb6 cxb6 18. Qe2 O-O 19. Qf2 b5 20. Ne2 e5 21. N2g3
Qg6 22. f4 Qg4 23. f5 Qxh4 24. Qf3 Bc5+ 25. Rf2 Rad8 26. Re1 Bxf2+ 27. Kxf2 Qg4
28. Nxh5 Qxf3+ 29. Kxf3 Bxe4+ 30. Rxe4 Rc8 31. c3 Rfd8 32. Rg4 Rxd3+ 33. Ke4
Rd6 34. Rxg7+ Kf8 35. Rxb7 Rcc6 36. Ng7 Rb6 37. Ra7 b4 38. Ne6+ Rxe6 39. fxe6
bxc3 40. e7+ Kf7 41. bxc3 Rxb3 42. c4 Rb4 43. Kd5 e4 44. e8=Q+ Kxe8 45. Rxa6
Rb2 46. Kxe4 Rxg2 47. Rxf6 Ke7 48. Rh6 Rd2 49. Rh3 Kd6 50. Ke3 Rd1 51. Rh5 Kc6
52. Ke4 Rd2 53. Rh8 Kc7 54. Rh6 Rd1 55. c5 Rd2 56. Ke5 Rd1 57. Rb6 1/2-1/2